1743 1461 1856 1471 1592 1922 1663 1922 1488 1838 1038 1085 1757 1111 1242 1449 1180 1494 1249 1674 1763 1229 1407 1068 1835 1833 1252 1814 1437 1523 1399 1664 1883 1614 1122 1973 1884 1311 1353 1186 1285 1062 1938 1546 1801 1053 1040 1779 1876 1054 1681 1883 1229 1855 1574 1771 1060 1397 1709 1372 1011 1708 1143 1976 1880 1016 1056 1124 1093 1868 1020 1526 1471 1078 1866 1689 1877 1929 1884 1037 1934 1322 1954 1276 1425 1714 1783 1526 1163 1433 1055 1906 1518 1952 1738 1164 1043 1663 1933 BCNSPRNW ULIB Ver.6.0+V

เปลี่ยนเป็นภาษาไทย

Change to English
 แสดงรายละเอียดบรรณานุกรม
  กลับหน้าหลัก

Brief Record : Get Marc (ISO 2709) : E-mail record : QR code < ปิดหน้าต่าง
LEADER : 00000nam 2200000uu 4500
001    13399114175
003     ULIB
008    120228s2549||||th 000 0 tha d
020    ^a9744658789
060 04 ^aWB310^bภ328ร
245 00 ^aรวบรวมองค์ความรู้การดูแลผู้ป่วยระยะสุดท้าย /^cกองการแพทย์ทางเลือก
250    ^aพิมพ์ครั้งที่ 2
260    ^aกรุงเทพฯ :^bสำนักงานกิจการโรงพิมพ์องค์การสงเคราะห์ทหารผ่านศึก,^c2549
300    ^a187 หน้า ;^c21 ซม.
650  7 ^aการดูแลสุขภาพด้วยตนเอง
650  7 ^aการแพทย์แบบพหลุลักษณ์
650  7 ^aผู้ป่วยหนัก^xการดูแล
650  7 ^aผู้ป่วยระยะสุดท้าย
710 2  ^aกองการแพทญ์ทางเลือก
945    ^p0^l0^i18765
945    ^p0^l0^i18766
945    ^p0^l0^i18767
945    ^p0^l0^i18768
945    ^p0^l0^i18769
945    ^p0^l0^i18770
945    ^p0^l0^i18771
945    ^p0^l0^i18772
945    ^p0^l0^i18773
945    ^p0^l0^i18774
945    ^p0^l0^i18775
945    ^p0^l0^i18776
945    ^p0^l0^i18777
945    ^p0^l0^i18778
945    ^p0^l0^i18823
945    ^p0^l0^i14042
945    ^p0^l0^i14035
945    ^p0^l0^i14039
945    ^p0^l0^i14040
945    ^p0^l0^i14037
945    ^p0^l0^i14034
945    ^p0^l0^i14041
945    ^p0^l0^i14033
945    ^p0^l0^i14038
945    ^p0^l0^i14036
995    ^aกัณชพร
999 ^a ใช้งานได้ทุกระบบ
รายการนี้ยังไม่มีแท็ก
คุณยังไม่ได้ล็อกอิน คุณสามารถมีกิจกรรมร่วมกับเว็บไซต์ได้ แต่ต้องล็อกอินก่อน ::
  ล็อกอิน

รายการสื่อสารสนเทศ

ลำดับที่ ประเภท เลขเรียก/บาร์โค้ด สถานที่ สถานะ
1. วิทยาศาสตร์การแพทย์ และสุขภาพ
วิทยาศาสตร์การแพทย์ และสุขภาพ
WB310 ภ328ร ฉ.16 
  Barcode: 14042
ห้องสมุดวิทยาเขตสวรรค์ประชารักษ์
►หนังสือทั่วไป
ถูกยืม กำหนดส่งวันที่ 11 พฤษภาคม 2558
  จอง
2. วิทยาศาสตร์การแพทย์ และสุขภาพ
วิทยาศาสตร์การแพทย์ และสุขภาพ
WB310 ภ328ร ฉ.17 
  Barcode: 14035
ห้องสมุดวิทยาเขตสวรรค์ประชารักษ์
►หนังสือทั่วไป
บนชั้น
3. วิทยาศาสตร์การแพทย์ และสุขภาพ
วิทยาศาสตร์การแพทย์ และสุขภาพ
WB310 ภ328ร ฉ.18 
  Barcode: 14039
ห้องสมุดวิทยาเขตสวรรค์ประชารักษ์
►หนังสือทั่วไป
ถูกยืม กำหนดส่งวันที่ 11 พฤษภาคม 2558
  จอง
4. วิทยาศาสตร์การแพทย์ และสุขภาพ
วิทยาศาสตร์การแพทย์ และสุขภาพ
WB310 ภ328ร ฉ.19 
  Barcode: 14040
ห้องสมุดวิทยาเขตสวรรค์ประชารักษ์
►หนังสือทั่วไป
ถูกยืม กำหนดส่งวันที่ 11 พฤษภาคม 2558
  จอง
5. วิทยาศาสตร์การแพทย์ และสุขภาพ
วิทยาศาสตร์การแพทย์ และสุขภาพ
WB310 ภ328ร ฉ.20 
  Barcode: 14037
ห้องสมุดวิทยาเขตสวรรค์ประชารักษ์
►หนังสือทั่วไป
ถูกยืม กำหนดส่งวันที่ 15 พฤษภาคม 2558
  จอง
6. วิทยาศาสตร์การแพทย์ และสุขภาพ
วิทยาศาสตร์การแพทย์ และสุขภาพ
WB310 ภ328ร ฉ.21 
  Barcode: 14034
ห้องสมุดวิทยาเขตสวรรค์ประชารักษ์
►หนังสือทั่วไป
ถูกยืม กำหนดส่งวันที่ 15 พฤษภาคม 2558
  จอง
7. วิทยาศาสตร์การแพทย์ และสุขภาพ
วิทยาศาสตร์การแพทย์ และสุขภาพ
WB310 ภ328ร ฉ.22 
  Barcode: 14041
ห้องสมุดวิทยาเขตสวรรค์ประชารักษ์
►หนังสือทั่วไป
ถูกยืม กำหนดส่งวันที่ 11 พฤษภาคม 2558
  จอง
8. วิทยาศาสตร์การแพทย์ และสุขภาพ
วิทยาศาสตร์การแพทย์ และสุขภาพ
WB310 ภ328ร ฉ.23 
  Barcode: 14033
ห้องสมุดวิทยาเขตสวรรค์ประชารักษ์
►หนังสือทั่วไป
ถูกยืม กำหนดส่งวันที่ 11 พฤษภาคม 2558
  จอง
9. วิทยาศาสตร์การแพทย์ และสุขภาพ
วิทยาศาสตร์การแพทย์ และสุขภาพ
WB310 ภ328ร ฉ.24 
  Barcode: 14038
ห้องสมุดวิทยาเขตสวรรค์ประชารักษ์
►หนังสือทั่วไป
ถูกยืม กำหนดส่งวันที่ 11 พฤษภาคม 2558
  จอง
10. วิทยาศาสตร์การแพทย์ และสุขภาพ
วิทยาศาสตร์การแพทย์ และสุขภาพ
WB310 ภ328ร ฉ.25 
  Barcode: 14036
ห้องสมุดวิทยาเขตสวรรค์ประชารักษ์
►หนังสือทั่วไป
ถูกยืม กำหนดส่งวันที่ 15 พฤษภาคม 2558
  จอง

รายการใกล้เคียง
    หัวเรื่อง [การดูแลสุขภาพด้วยตนเอง]
    หัวเรื่อง [ผู้ป่วยระยะสุดท้าย]

BibComment


ยังไม่เคยถูกคอมเมนท์

คอมเมนท์ทรัพยากรรายการนี้
  คอมเมนท์: รวบรวมองค์ความรู..


 Copyright 2026. Bcnsprnw @Library